00838nam a2200241 a 450000100060000000300080000600500170001400800390003103500190007004000410008904100080013008200200013810000500015824500990020825000120030726000700031930000360038949000330042550400200045850500570047865000280053583000330056314526BD-RjUL20211208235638.0140206m19561952nyua 001 0 eng a(BD-RjUL)14579 aDLCcODaWUdOCoLCdDLCdBD-RjULbeng aeng00a621.3bDAC 19561 aDawes, Chester L.d1886-q (Chester Laurens),12aA course in electrical engineering /cby Chester L. Dawes.nVolume II :pAlternating currents. a4th ed. aNew York ;aLondon :bMcGraw-Hill Book Company, inc.,c1952-1956. aV. :billus., diagrs. ;c24 cm.0 aElectrical engineering texts aIncludes index. aVol 1, Direct Currents --v. .2. Alternating Currents 0aElectrical engineering. aElectrical engineering texts